01544nam a2200373 a 450000500170000000800410001702000180005804100080007609200170008410000280010124500380012925000120016726000380017930000220021750001080023965300630034765300370041065300360044765300870048365300330057065300340060365300210063765300260065865300710068465300280075565300170078365300230080065300300082370000360085370000270088994200150091699900150093195202240094620260219111314.0100618s2016 ag a f |||| 001 0 spa d a9789500298834 aspa c618l77sSCH1 aSchwarcz, Ricardo92911 aObstetricia / cRicardo Schwarcz a7a ed.  aBuenos Aires: bEl Ateneo;c2016. a784 p.c26x18 cm. aSchwarcz, R. L., Fescina, R. H. y Duverges, C. (2016). Obstetricia. (7a ed.). Buenos Aires : El Ateneo. aAnatomía de los órganos femeninos de la reproducción aOrigen y desarrollo del embarazo aMóvil fetal y canal del parto aModificaciones de la anatomía y fisiología maternas producidas por el embarazo aExamen de la mujer grávida aAlto riesgo materno-perinatal aCuidado prenatal aEmbarazo patológico aEnfermedades maternas inducidas por el embarazo o que lo complican aInmunología perinatal aParto normal aParto patológico aOperaciones obstétricas1 aFescina, Ricardo Horacio.910471 aDuverges, Carlos91048 2ddccBK03 c3317d3317 00102ddc4070aBFMbBFMcCRd2026-02-18eDonación Castro, Verónica. Febrero 2026l1m1o618 77 SCHp5144r2026-05-18s2026-05-11tEj. 13w2026-02-19yBKzDonación Castro, Verónica. Febrero 2026. Sede Tordos.f